000 00762nam a22002537a 4500
005 20170123162348.0
010 _aA-998609
020 _c90.00
035 _aA-998609
037 _bCen Lib/Ret
040 _aDPL
_bUR
082 _a841
_2ا ب ن
100 _aابنِ انشا۶
_9134991
245 _a/ چند نگر
_cابنِ انشا۶
246 _aChand nagar /
_bby Ibn-e- Insha
260 _a دیللی
_bعاکف بٹ ڈپو
_c1998
270 _b دیللی
_aمڈیا محل
_e110006
300 _a192p.
_c20cm(Hb)
650 _aاردو ادب
_9134992
650 _aاردو ادب
_v شیری
_9589
650 _aUrdu litrerature
_9590
650 _aUrdu literature
_vPoetry
_9591
942 _2ddc
_cUR
_h841
_mا ب ن
999 _c109061
_d109061